| 000 | 00515 a2200145 4500 | ||
|---|---|---|---|
| 040 | _a0 | ||
| 082 | _aPGDIT-2 | ||
| 100 |
_aSafdar Khan. _998327 |
||
| 245 |
_aOnline registration of NUST _cSafdar Khan. |
||
| 260 |
_aIslamabad : _bNUST School of Electrical Engineering & Computer Science, _c2000. |
||
| 300 |
_a35 p. : _bill. ; _c27 cm. + _eCD-ROM. |
||
| 500 | _aSupervisors : Maj. M Akbar Iqbal Sandhu, Dr. S M H Zaidi. | ||
| 856 | _uhttp://10.250.8.41:8080/xmlui/handle/123456789/13229 | ||
| 942 |
_cPR _kPGDIT-2 SAF _2ddc |
||
| 999 |
_c9244 _d9244 |
||